Policy coherence for development promoting institutional good practice

Salvato in:
Dettagli Bibliografici
Natura: Libro
Lingua:inglese
Pubblicazione: Paris OECD 2005
Serie:<The> development dimension
Soggetti:
Tags: Aggiungi Tag
Nessun Tag, puoi essere il primo ad aggiungerne!!

MARC

LEADER 00000nam$a2200000$$$4500
001 0038004
005 20240314085903.2
020 |a 92-64-10854-8 
041 0 |a eng 
044 |a FR 
245 1 0 |a Policy coherence for development  |b promoting institutional good practice 
264 1 |a Paris  |b OECD  |c 2005 
300 |a 173 s. 
490 1 |a <The> development dimension 
830 0 |a <The> development dimension 
610 2 0 |a rozvoj hospodársky 
610 2 0 |a programy rozvojové 
610 2 0 |a globalizácia 
610 2 0 |a krajiny rozvojové 
610 2 0 |a pomoc medzinárodná 
610 2 0 |a liberalizácia 
610 2 0 |a organizácie ekonomické medzinárodné 
610 2 0 |a OECD